[Event "Lliga Catalana eq. DH"]
[Site "?"]
[Date "2014.02.15"]
[Round "4.10"]
[White "Gorgues Valle, JM."]
[Black "Arias Boo, G."]
[Result "0-1"]
[WhiteElo "1910"]
[BlackElo "2392"]
[PlyCount "30"]
[EventDate "2014.??.??"]
[EventType "team"]
[EventCountry "ESP"]

1. e4 e5 2. Nf3 Nc6 3. Bc4 Bc5 4. b4 Bxb4 5. c3 Ba5 6. d4 exd4 7. O-O d6 8.
cxd4 Bb6 9. Nc3 Nf6 10. Bg5 Bg4 11. Qb3 Bxf3 12. Bxf7+ Kf8 13. e5 Nxd4 14. Qc4
dxe5 15. Bd5 Bxd5 0-1

[Event "Lliga Catalana eq. DH"]
[Site "?"]
[Date "2014.02.15"]
[Round "4.10"]
[White "Masip Tresserra, O."]
[Black "Garcia Castellote, O."]
[Result "1/2-1/2"]
[WhiteElo "2223"]
[BlackElo "2171"]
[PlyCount "214"]
[EventDate "2014.??.??"]
[EventType "team"]
[EventCountry "ESP"]

1. Nf3 Nf6 2. Nc3 d5 3. d3 c5 4. g3 Nc6 5. Bg2 d4 6. Ne4 Nxe4 7. dxe4 e5 8. O-O
Be7 9. e3 O-O 10. exd4 cxd4 11. c3 dxc3 12. bxc3 Be6 13. Qe2 f6 14. Nh4 Qc8 15.
Rb1 Rb8 16. Be3 Rd8 17. f4 b6 18. Nf5 Bf8 19. Rfd1 Qc7 20. Kh1 Kh8 21. a4 Na5
22. fxe5 fxe5 23. Bg5 Rxd1+ 24. Rxd1 Bb3 25. Re1 Bxa4 26. Ne3 h6 27. Nd5 Qc4
28. Qh5 Be8 29. Qh4 Kg8 30. Be7 Bf7 31. Bxf8 Rxf8 32. Ne7+ Kh7 33. Rf1 Nc6 34.
Nxc6 Qxc6 35. Qe7 Qc5 36. Rxf7 Rxf7 37. Qxf7 Qxc3 38. Qf5+ Kh8 39. Qf8+ Kh7 40.
Qf5+ Kh8 41. Bf3 b5 42. Bh5 Qc5 43. Qf7 Qc1+ 44. Kg2 Qc2+ 45. Kh3 Qxe4 46. Bg6
Qa8 47. Bf5 a5 48. Qg6 Qg8 49. Be6 Qd8 50. Bf5 Qg8 51. Be6 Qf8 52. Bf5 Qg8 53.
g4 b4 54. g5 Qb3+ 55. Bd3 Qg8 56. gxh6 a4 57. hxg7+ Qxg7 58. Qe8+ Qg8 59. Qxe5+
Qg7 60. Qe8+ Qg8 61. Qh5+ Kg7 62. Qg4+ Kh8 63. Qh5+ Kg7 64. Qg5+ Kf8 65. Qc5+
Kg7 66. Qd4+ Kf8 67. Qxb4+ Kg7 68. Qd4+ Kf8 69. Qd6+ Kg7 70. Qe5+ Kf8 71. Qd6+
Kg7 72. Qd4+ Kf8 73. Qxa4 Qh8+ 74. Kg2 Qg8+ 75. Kh1 Qe6 76. Qf4+ Ke7 77. Be4
Qf6 78. Qc7+ Kf8 79. Qb8+ Ke7 80. Qb1 Qf4 81. Bg2 Kf6 82. Qe1 Qe5 83. Qd1 Qf4
84. Qd8+ Kg6 85. Qd3+ Kf6 86. Qc3+ Qe5 87. Qc6+ Qe6 88. Qc1 Qe5 89. Qh6+ Kf7
90. Qh7+ Kf8 91. Qb1 Ke7 92. Qg1 Kf6 93. Bf3 Qf4 94. Bg2 Qe5 95. h3 Qf4 96. Qe1
Qe5 97. Qf2+ Qf5 98. Qg3 Qe5 99. Qf2+ Qf5 100. Qg1 Qf4 101. Qb6+ Kg7 102. Qd8
Qc1+ 103. Kh2 Qf4+ 104. Kg1 Qe3+ 105. Kf1 Qf4+ 106. Ke2 Qe5+ 107. Kd3 Qg3+
1/2-1/2

[Event "Lliga Catalana eq. DH"]
[Site "?"]
[Date "2014.02.15"]
[Round "4.10"]
[White "Orteu Capdevila, M."]
[Black "Jose Abril, R."]
[Result "0-1"]
[WhiteElo "2035"]
[BlackElo "2397"]
[PlyCount "79"]
[EventDate "2014.??.??"]
[EventType "team"]
[EventCountry "ESP"]

1. e4 c5 2. Nf3 Nc6 3. d4 cxd4 4. Nxd4 Nf6 5. Nc3 e5 6. Ndb5 d6 7. Bg5 a6 8.
Na3 b5 9. Nd5 Be7 10. Bxf6 Bxf6 11. c4 Bg5 12. cxb5 Nd4 13. bxa6 Qa5+ 14. Nc3
Bxa6 15. Bxa6 Qxa6 16. Nc2 O-O 17. Nb4 Qc4 18. Nd3 f5 19. O-O f4 20. f3 Bd8 21.
Qd2 Ba5 22. Rfc1 Rac8 23. Kh1 Kh8 24. h3 Qe6 25. b4 Bd8 26. Qf2 Bb6 27. Nd5 Ba7
28. Rxc8 Rxc8 29. Rc1 Rxc1+ 30. Nxc1 Qc8 31. Nd3 h6 32. Ne1 Qc1 33. Qh4 Kh7 34.
Kh2 Ne2 35. Nd3 Qc4 36. Kh1 Nd4 37. Qf2 Nf5 38. Qd2 Kh8 39. exf5 Qxd5 40. Qf2
0-1

[Event "Lliga Catalana eq. DH"]
[Site "?"]
[Date "2014.02.15"]
[Round "4.10"]
[White "Saenz Rebull, J."]
[Black "Gonzalez Hernandez, F."]
[Result "0-1"]
[WhiteElo "2207"]
[BlackElo "2267"]
[PlyCount "130"]
[EventDate "2014.??.??"]
[EventType "team"]
[EventCountry "ESP"]

1. e4 c5 2. c3 d5 3. exd5 Qxd5 4. d4 Nf6 5. Nf3 Bg4 6. Be2 e6 7. O-O Nc6 8. Na3
cxd4 9. Nb5 Rc8 (9... Bd6) 10. Nbxd4 Nxd4 11. Nxd4 Bxe2 12. Qxe2 Be7 13. Rd1 a6
14. a4 O-O 15. Bf4 Rfd8 16. Bg3 Qe4 17. f3 Qg6 18. Bf2 Nd5 19. Qe4 Qxe4 20.
fxe4 Nf6 21. Bh4 Kf8 22. Bxf6 Bxf6 23. Nf3 Rc4 24. e5 Be7 25. Rxd8+ Bxd8 26.
Kf1 Bc7 27. Rd1 Rxa4 28. b3 Rf4 29. Ke2 Ke7 30. Ke3 Rg4 31. g3 f6 32. exf6+
gxf6 33. Nd2 h5 34. Kf3 Rg5 35. Ne4 Rf5+ 36. Kg2 Rb5 37. Rb1 Re5 38. Kf3 Bb6
39. c4 f5 40. Ng5 Re3+ 41. Kg2 Kf6 42. Nf3 Re2+ 43. Kh3 Rf2 44. Nh4 e5 45. b4
Bd4 46. Rc1 Ke6 (46... e4) 47. c5 Kd5 48. Ng6 Rb2 (48... Bb2) 49. Ne7+ Ke6 50.
c6 bxc6 51. Nxc6 Be3 52. Re1 f4 53. gxf4 Bxf4 54. Nd4+ Kd5 55. Ne2 Rxb4 (55...
Bd2 56. Rd1 Kc4) 56. Nxf4+ Rxf4 57. Ra1 Rf6 58. Kh4 e4 59. Kxh5 e3 60. Kg5 Rf8
61. Ra5+ Ke4 62. Rxa6 Rg8+ 63. Kf6 Rh8 64. Ra4+ Kf3 65. h4 e2 0-1

[Event "Lliga Catalana eq. DH"]
[Site "?"]
[Date "2014.02.15"]
[Round "4.10"]
[White "Serra Pages, J."]
[Black "Sole Bove, J."]
[Result "1-0"]
[WhiteElo "2291"]
[BlackElo "1905"]
[PlyCount "63"]
[EventDate "2014.??.??"]
[EventType "team"]
[EventCountry "ESP"]

1. d4 Nf6 2. c4 g6 3. Nc3 c5 4. Nf3 Bg7 5. g3 O-O 6. Bg2 Nc6 7. d5 Nb8 8. O-O
d6 9. Qc2 a6 10. e4 b5 11. e5 Bf5 12. Qe2 dxe5 13. Nxe5 b4 14. Na4 Qd6 15. Re1
Ra7 16. Bf4 Nh5 17. Bd2 Bxe5 18. Qxe5 f6 19. Qe3 Rc8 20. Bxb4 Rac7 21. Ba5 Rb7
22. b4 Nd7 23. a3 cxb4 24. Bxb4 Rxb4 25. axb4 Rxc4 26. Nc5 Nxc5 27. bxc5 Qxc5
28. Qxc5 Rxc5 29. Rxe7 Bd3 30. d6 Kf8 31. Rc7 Re5 32. Rd1 1-0

[Event "Lliga Catalana eq. DH"]
[Site "?"]
[Date "2014.02.22"]
[Round "5.1"]
[White "Cordova Daza, E."]
[Black "Cuartas Medina, JA."]
[Result "1/2-1/2"]
[WhiteElo "2568"]
[BlackElo "2537"]
[PlyCount "114"]
[EventDate "2014.??.??"]
[EventType "team"]
[EventCountry "ESP"]

1. Nf3 Nf6 2. d4 e6 3. e3 d5 4. c4 c5 5. a3 Nc6 6. Nc3 a6 7. Bd3 Be7 8. O-O O-O
9. b3 b6 10. Bb2 Bb7 11. Ne2 cxd4 12. exd4 Rc8 13. Rc1 Nb8 14. Ng3 Ne4 15. Qe2
f5 16. Rc2 Bd6 17. b4 dxc4 18. Bxc4 Qe7 19. Re1 b5 20. Bb3 Bxg3 21. hxg3 Bd5
22. Bxd5 exd5 23. Rec1 Qb7 24. Ne5 Nd7 25. Kh2 Nb6 26. f3 Rxc2 27. Qxc2 Rc8 28.
Qe2 Nf6 29. Rxc8+ Qxc8 30. Nd3 Nc4 31. Bc1 Qe8 32. Qf2 h6 33. Nc5 a5 34. bxa5
Nxa5 35. Qc2 Nc6 36. Qd3 Ne7 37. Bf4 Qc6 38. Qe2 Kf7 39. Be5 Nd7 40. Bxg7 Nxc5
41. dxc5 Qxc5 42. Bxh6 d4 43. Bg5 Nc6 44. Qd3 Kg6 45. Bh4 Kf7 46. g4 fxg4 47.
Qh7+ Ke6 48. Qg8+ Kd7 49. Qxg4+ Kc7 50. Bg3+ Kb6 51. Qd7 Qh5+ 52. Kg1 Qh6 53.
Bf2 Qc1+ 54. Kh2 Qf4+ 55. Kg1 Qc1+ 56. Kh2 Qf4+ 57. Kg1 Qc1+ 1/2-1/2

[Event "Lliga Catalana eq. DH"]
[Site "?"]
[Date "2014.02.22"]
[Round "5.1"]
[White "Cruz Sanchez, JE."]
[Black "Zurano Lopez, P."]
[Result "1-0"]
[WhiteElo "2541"]
[BlackElo "2412"]
[PlyCount "85"]
[EventDate "2014.??.??"]
[EventType "team"]
[EventCountry "ESP"]

1. c4 e6 2. e4 d5 3. cxd5 exd5 4. e5 c5 5. Nf3 Nc6 6. Bb5 Nge7 7. h3 a6 8. Ba4
Bf5 9. O-O Qd7 10. d4 b5 11. Bb3 c4 12. Bc2 Bxc2 13. Qxc2 Nf5 14. Nc3 Nfxd4 15.
Nxd4 Nxd4 16. Qd1 Nc6 17. a4 Rd8 18. axb5 axb5 19. Nxb5 Be7 20. Nd6+ Bxd6 21.
exd6 Qxd6 22. Re1+ Kf8 23. b3 Kg8 24. bxc4 d4 25. Ra6 h6 26. Ba3 Qd7 27. Qf3
Rc8 28. Qd5 Qc7 29. Bd6 Qd7 30. Ba3 Qc7 31. Qf5 h5 32. Bd6 Qd8 33. c5 g6 34.
Qf3 Qd7 35. Rb6 Kg7 36. Ra1 Rhe8 37. Raa6 Nd8 38. Be5+ Rxe5 39. Qf6+ Kg8 40.
Qxe5 d3 41. Rxg6+ fxg6 42. Rxg6+ Kf8 43. Qh8+ 1-0

[Event "Lliga Catalana eq. DH"]
[Site "?"]
[Date "2014.02.22"]
[Round "5.1"]
[White "De la Riva Aguado, O."]
[Black "Guerra Mendez, JA."]
[Result "1/2-1/2"]
[WhiteElo "2553"]
[BlackElo "2404"]
[PlyCount "127"]
[EventDate "2014.??.??"]
[EventType "team"]
[EventCountry "ESP"]

1. e4 e5 2. Nc3 Nc6 3. Nf3 Nf6 4. g3 Bc5 5. Bg2 d6 6. d3 a6 7. O-O h6 8. Be3
Bg4 9. h3 Bxf3 10. Qxf3 O-O 11. Kh2 Re8 12. Rae1 Nd4 13. Qd1 c6 14. f4 b5 15.
Nb1 Ne6 16. Bc1 Bb6 17. c3 Rc8 18. Nd2 Nc5 19. Nf3 Nh7 20. Qe2 Qe7 21. Nh4 Qe6
22. Nf5 Rcd8 23. h4 h5 24. d4 Nd7 25. Qxh5 Ndf6 26. Qf3 exd4 27. cxd4 d5 28.
Bh3 dxe4 29. Qa3 Qc4 30. Qxa6 Bxd4 31. Nxd4 Rxd4 32. Be3 Rd3 33. b3 Qd5 34. Rf2
Rd8 35. Rc2 Rd1 36. Ree2 Qh5 37. Qxc6 Qf3 38. Bg2 Ng4+ 39. Kh3 Rh1+ 40. Bxh1
Qxh1+ 41. Kxg4 Nf6+ 42. Kf5 Rd5+ 43. Qxd5 Nxd5 44. Ke5 Nb4 45. Rcd2 Qf3 46. Kd4
Nc6+ 47. Kc5 Ne7 48. Kxb5 Nf5 49. Bc5 e3 50. Rc2 Qb7+ 51. Kc4 Qa6+ 52. Kc3 Qf6+
53. Kb4 Nxg3 54. Rxe3 Qxf4+ 55. Rc4 Qb8+ 56. Kc3 Nf5 57. Ree4 Qg3+ 58. Kb2 Nd6
59. Bxd6 Qxd6 60. a4 f5 61. Red4 Qe5 62. Ka3 Kh7 63. Kb4 Qb8+ 64. Kc3 1/2-1/2

[Event "Lliga Catalana eq. DH"]
[Site "?"]
[Date "2014.02.22"]
[Round "5.1"]
[White "Jerez Perez, A."]
[Black "Baches Garcia, G."]
[Result "1/2-1/2"]
[WhiteElo "2444"]
[BlackElo "2424"]
[PlyCount "24"]
[EventDate "2014.??.??"]
[EventType "team"]
[EventCountry "ESP"]

1. e4 e5 2. Nf3 d6 3. d4 exd4 4. Nxd4 Nf6 5. Nc3 Be7 6. Be2 O-O 7. O-O Re8 8.
f4 Bf8 9. Bf3 c5 10. Nde2 Bg4 11. Ng3 Bxf3 12. Qxf3 Nc6 1/2-1/2

[Event "Lliga Catalana eq. DH"]
[Site "?"]
[Date "2014.02.22"]
[Round "5.1"]
[White "Lacasa Diaz, JA."]
[Black "Muñoz Pantoja, M."]
[Result "0-1"]
[WhiteElo "2457"]
[BlackElo "2559"]
[PlyCount "140"]
[EventDate "2014.??.??"]
[EventType "team"]
[EventCountry "ESP"]

1. e4 d5 2. exd5 Qxd5 3. Nc3 Qa5 4. d4 Nf6 5. Nf3 Bg4 6. h3 Bh5 7. g4 Bg6 8.
Ne5 e6 9. Bg2 c6 10. h4 Nbd7 11. Nc4 Qa6 12. Bf1 b5 13. Ne3 h5 14. g5 Ne4 15.
Nxe4 Bxe4 16. Bg2 Bxg2 17. Nxg2 g6 18. O-O Bg7 19. c3 O-O 20. Bf4 c5 21. dxc5
Nxc5 22. Qe2 Rfd8 23. Rfd1 b4 24. Qxa6 Nxa6 25. Rxd8+ Rxd8 26. Rc1 Rc8 27. Be3
bxc3 28. bxc3 Nc5 29. c4 Nd3 30. Rd1 Nb2 31. Rc1 Nd3 32. Rd1 Nb4 33. Bxa7 Rxc4
34. Rd8+ Kh7 35. Rd7 Kg8 36. Rd8+ Kh7 37. Rd7 Nc6 38. Be3 Ne5 39. Rb7 Ra4 40.
Kf1 Rxa2 41. Bd4 Nc6 42. Bf6 Ra7 43. Rxa7 Nxa7 44. Bxg7 Kxg7 45. Ke2 e5 46. Ke3
f5 47. gxf6+ Kxf6 48. f4 Nb5 49. fxe5+ Kxe5 50. Kf3 Nd4+ 51. Kg3 Ke4 52. Ne1
Kf5 53. Ng2 Ne2+ 54. Kf3 Nd4+ 55. Kg3 Ke5 56. Ne1 Ke4 57. Ng2 Ne2+ 58. Kf2 Nf4
59. Ne1 Nd5 60. Ng2 Nb4 61. Ne1 Kf4 62. Ng2+ Kg4 63. Ke3 Nd5+ 64. Ke4 Kg3 65.
Ne1 Ne7 66. Ke5 Kxh4 67. Kf6 Kg3 68. Nc2 h4 69. Kxe7 h3 70. Ne3 Kf4 0-1

[Event "Lliga Catalana eq. DH"]
[Site "?"]
[Date "2014.02.22"]
[Round "5.1"]
[White "Narciso Dublan, M."]
[Black "Alsina Leal, D."]
[Result "1/2-1/2"]
[WhiteElo "2544"]
[BlackElo "2545"]
[PlyCount "87"]
[EventDate "2014.??.??"]
[EventType "team"]
[EventCountry "ESP"]

1. e4 c6 2. d4 d5 3. Nd2 dxe4 4. Nxe4 Bf5 5. Nc5 Nd7 6. Nxb7 Qc7 7. Nc5 Nxc5 8.
dxc5 Rd8 9. Bd3 e5 10. Qe2 Bxd3 11. cxd3 Bxc5 12. Nf3 f6 13. O-O Ne7 14. Be3
Bxe3 15. fxe3 c5 16. Rac1 Qd6 17. Rfd1 O-O 18. d4 cxd4 19. exd4 exd4 20. Nxd4
Qb6 21. Qe6+ Qxe6 22. Nxe6 Rxd1+ 23. Rxd1 Re8 24. Nc7 Rb8 25. Rd7 Nf5 26. b3
Rb7 27. Kf2 h5 28. h3 a5 29. Rd8+ Kf7 30. Nd5 g5 31. g4 hxg4 32. hxg4 Ne7 33.
Ne3 a4 34. bxa4 Rb2+ 35. Kf3 Rxa2 36. Rd7 Rxa4 37. Nf5 Rf4+ 38. Kg3 Rxf5 39.
gxf5 Ke8 40. Ra7 Nxf5+ 41. Kg4 Ne7 42. Ra5 Kf7 43. Rxg5 fxg5 44. Kxg5 1/2-1/2

[Event "Lliga Catalana eq. DH"]
[Site "?"]
[Date "2014.02.22"]
[Round "5.2"]
[White "Benet Catala, A."]
[Black "Cruz Estrada, F."]
[Result "0-1"]
[WhiteElo "2329"]
[BlackElo "2486"]
[PlyCount "82"]
[EventDate "2014.??.??"]
[EventType "team"]
[EventCountry "ESP"]

1. g3 d5 2. Bg2 c6 3. Nf3 Nf6 4. O-O Bf5 5. d3 e6 6. Nbd2 h6 7. b3 Be7 8. c4
O-O 9. a3 Bh7 10. Bb2 Nbd7 11. b4 a5 12. Qb3 Bd6 13. c5 Bc7 14. Rfc1 e5 15. b5
a4 16. Qc2 Qe7 17. bxc6 bxc6 18. Bc3 e4 19. Nd4 e3 20. N2f3 exf2+ 21. Kh1 Ra6
22. Rab1 Ng4 23. Bd2 Ndf6 24. Bh3 Bg6 25. Rb7 Qd8 26. Rb4 Qa8 27. Nxc6 Qxc6 28.
Bxg4 Nxg4 29. Rxg4 Qe6 30. Rd4 Qxe2 31. Qd1 Bxd3 32. Bf4 Qxd1+ 33. Rxd1 Be2 34.
Kg2 Bxf4 35. gxf4 Bxd1 36. Rxd1 Rf6 37. Kxf2 Rxf4 38. Rxd5 Rc8 39. Ke3 Rc4 40.
Rd7 R4xc5 41. Nd4 Rc3+ 0-1

[Event "Lliga Catalana eq. DH"]
[Site "?"]
[Date "2014.02.22"]
[Round "5.2"]
[White "Delorme, Axel"]
[Black "Rizouk, A."]
[Result "1/2-1/2"]
[WhiteElo "2479"]
[BlackElo "2534"]
[PlyCount "38"]
[EventDate "2014.??.??"]
[EventType "team"]
[EventCountry "ESP"]

1. e4 e5 2. Nf3 Nc6 3. Nc3 Nf6 4. d4 exd4 5. Nxd4 Bb4 6. Nxc6 bxc6 7. Bd3 d5 8.
exd5 O-O 9. O-O cxd5 10. h3 h6 11. Bf4 Bd6 12. Qf3 Bxf4 13. Qxf4 c5 14. Rfd1
Be6 15. Bc4 Qb6 16. Nxd5 Nxd5 17. Bxd5 Bxd5 18. Rxd5 Qxb2 19. Qe5 Qxc2 1/2-1/2

[Event "Lliga Catalana eq. DH"]
[Site "?"]
[Date "2014.02.22"]
[Round "5.2"]
[White "Gonzalez Perez, A."]
[Black "Moskalenko, V."]
[Result "1/2-1/2"]
[WhiteElo "2567"]
[BlackElo "2583"]
[PlyCount "44"]
[EventDate "2014.??.??"]
[EventType "team"]
[EventCountry "ESP"]

1. e4 d6 2. d4 Nf6 3. Bd3 e5 4. c3 Nc6 5. Nf3 g6 6. O-O Bg7 7. Nbd2 O-O 8. dxe5
Nxe5 9. Nxe5 dxe5 10. Nc4 Nd7 11. Be3 b6 12. b4 Bb7 13. Qc2 Qe7 14. a4 a6 15.
Rfd1 Rfd8 16. f3 Nf8 17. a5 b5 18. Nd2 Ne6 19. Nb3 Bf8 20. Qf2 Qe8 21. Nc5 Nxc5
22. Bxc5 Rd7 1/2-1/2

[Event "Lliga Catalana eq. DH"]
[Site "?"]
[Date "2014.02.22"]
[Round "5.2"]
[White "Matnadze, A."]
[Black "Gonzalez Rodriguez, JA."]
[Result "0-1"]
[WhiteElo "2520"]
[BlackElo "2471"]
[PlyCount "92"]
[EventDate "2014.??.??"]
[EventType "team"]
[EventCountry "ESP"]

1. d4 Nf6 2. Nf3 e6 3. c4 b6 4. g3 Bb7 5. Bg2 Bb4+ 6. Bd2 Qe7 7. O-O Bxd2 8.
Nbxd2 d6 9. Qa4+ Nbd7 10. Rfe1 O-O 11. e4 e5 12. d5 a5 13. Qc2 Ba6 14. b3 Ra7
15. Bf1 Re8 16. a3 Bb7 17. Nh4 g6 18. Qc3 c5 19. a4 Rf8 20. Nb1 Bc8 21. Na3 Ne8
22. Nb5 Rb7 23. Bh3 Ng7 24. Qd3 Nf6 25. Bxc8 Rxc8 26. f4 Nfe8 27. fxe5 dxe5 28.
Rf1 Nd6 29. Nxd6 Qxd6 30. Qf3 Rf8 31. g4 f6 32. Ra2 Rbf7 33. Raf2 Qe7 34. Qg3
Ne8 35. g5 Nd6 36. gxf6 Rxf6 37. Nf5 Nxf5 38. exf5 Re8 39. Rg2 Kh8 40. Qh3 Qd7
41. Qh4 Ref8 42. Qg4 Rxf5 43. Rgf2 Qg7 44. h4 Rxf2 45. Rxf2 Rxf2 46. Kxf2 Qf6+
{Ilegible} 0-1

[Event "Lliga Catalana eq. DH"]
[Site "?"]
[Date "2014.02.22"]
[Round "5.2"]
[White "Oratovsky, M."]
[Black "Beltran Rueda, S."]
[Result "1/2-1/2"]
[WhiteElo "2533"]
[BlackElo "2455"]
[PlyCount "75"]
[EventDate "2014.??.??"]
[EventType "team"]
[EventCountry "ESP"]

1. e4 c5 2. Nf3 e6 3. d3 b6 4. g3 Bb7 5. Bg2 d6 6. O-O Nf6 7. Nc3 a6 8. Ng5 h6
9. Nh3 Nc6 10. f4 Qc7 11. f5 e5 12. Nd5 Nxd5 13. exd5 Ne7 14. c4 Ng8 15. b4 Nf6
16. bxc5 bxc5 17. Nf2 Bc8 18. Ne4 Be7 19. Nxf6+ Bxf6 20. Be4 Bd7 21. h4 Rb8 22.
Qe1 Rb7 23. Bd2 O-O 24. Ba5 Qb8 25. Rb1 Qa7 26. Rxb7 Qxb7 27. Bc3 Rb8 28. g4
Qc8 29. Kg2 Qd8 30. Rh1 Qe7 31. Qg3 g5 32. h5 Be8 33. Rc1 Qd7 34. Qf2 Qa4 35.
Rc2 Kg7 36. Qd2 Bd8 37. Bf3 f6 38. Rb2 1/2-1/2

[Event "Lliga Catalana eq. DH"]
[Site "?"]
[Date "2014.02.22"]
[Round "5.2"]
[White "Trepat Herranz, J."]
[Black "Valdes Romero, L."]
[Result "0-1"]
[WhiteElo "2416"]
[BlackElo "2453"]
[PlyCount "100"]
[EventDate "2014.??.??"]
[EventType "team"]
[EventCountry "ESP"]

1. d4 Nf6 2. Nf3 g6 3. Nbd2 Bg7 4. e4 d6 5. Bd3 O-O 6. O-O Nc6 7. c3 e5 8. Re1
Bd7 9. h3 a6 10. Nf1 Rb8 11. Ng3 b5 12. a3 h6 13. Be3 Kh8 14. Qd2 Ng8 15. dxe5
dxe5 16. Bc5 Re8 17. b4 Be6 18. a4 Qc8 19. Qe2 Qb7 20. axb5 axb5 21. Ra3 Nf6
22. Rea1 Nd7 23. Be3 Nf8 24. Nd2 Bd7 25. Nb3 Ne6 26. Nc5 Nxc5 27. Bxc5 Nd8 28.
Qf3 Kg8 29. Ra7 Qc8 30. Bc2 Be6 31. Bd3 Bd7 32. Bc2 Ne6 33. Bb3 Ng5 34. Qe3 Be6
35. Bxe6 Nxe6 36. Ne2 Qd7 37. R7a2 Red8 38. Ba7 Ra8 39. g3 h5 40. h4 Kh7 41.
Qc1 Qd3 42. Qe3 Qc4 43. Qf3 Kg8 44. Ra5 Rd2 45. Be3 Rxa5 46. bxa5 Rxe2 47. a6
Qxc3 48. Rc1 Re1+ 49. Rxe1 Qxe1+ 50. Kg2 Qa5 0-1

[Event "Lliga Catalana eq. DH"]
[Site "?"]
[Date "2014.02.22"]
[Round "5.2"]
[White "Vidarte Morales, A."]
[Black "Pham Guerrero, S."]
[Result "1-0"]
[WhiteElo "2408"]
[BlackElo "2304"]
[PlyCount "53"]
[EventDate "2014.??.??"]
[EventType "team"]
[EventCountry "ESP"]

1. d4 Nf6 2. c4 c5 3. d5 b5 4. Qc2 d6 5. e4 bxc4 6. Bxc4 g6 7. Nf3 Bg7 8. O-O
O-O 9. h3 Nbd7 10. Re1 Rb8 11. Nc3 Nb6 12. Bf1 e6 13. dxe6 Bxe6 14. Bg5 h6 15.
Bf4 g5 16. Bh2 g4 17. hxg4 Nxg4 18. Bg3 Rb7 19. Rad1 Nc8 20. b3 Qa5 21. Nd5
Bxd5 22. exd5 Rd8 23. Qf5 Nf6 24. Bh4 Qc3 25. Rd3 Qb2 26. Rd2 Qc3 27. Rc2 1-0

[Event "Lliga Catalana eq. DH"]
[Site "?"]
[Date "2014.02.22"]
[Round "5.3"]
[White "Alonso Garcia, R."]
[Black "Ayza Leon, D."]
[Result "1/2-1/2"]
[WhiteElo "2423"]
[BlackElo "2302"]
[PlyCount "85"]
[EventDate "2014.??.??"]
[EventType "team"]
[EventCountry "ESP"]

1. e4 e5 2. Nf3 Nc6 3. Bb5 a6 4. Ba4 Nf6 5. O-O Be7 6. Re1 b5 7. Bb3 Bb7 8. d3
d6 9. c3 O-O 10. Nbd2 d5 11. Qe2 dxe4 12. Nxe4 Nd5 13. a4 b4 14. a5 h6 15. d4
exd4 16. cxd4 Nf6 17. Ng3 Bd6 18. Qd3 Bxg3 19. hxg3 Re8 20. Bxh6 Rxe1+ 21. Rxe1
Nxa5 22. Qg6 Qf8 23. Bxg7 Qxg7 24. Bxf7+ Kh8 25. Qxg7+ Kxg7 26. Re7 Kf8 27.
Rxc7 Rc8 28. Rxc8+ Bxc8 29. Ne5 Ng4 30. Bd5 Nxe5 31. dxe5 Ke7 32. Kf1 Be6 33.
Be4 Nc4 34. Bd3 Nxb2 35. Bxa6 Nc4 36. Ke1 b3 37. Bxc4 Bxc4 38. Kd2 Ke6 39. f4
Kf5 40. Kc3 Bd5 41. Kb2 Be6 42. Kc3 Bf7 43. Kb2 1/2-1/2

[Event "Lliga Catalana eq. DH"]
[Site "?"]
[Date "2014.02.22"]
[Round "5.3"]
[White "Cabrera Pino, A."]
[Black "Vila Gazquez, X."]
[Result "1/2-1/2"]
[WhiteElo "2523"]
[BlackElo "2505"]
[PlyCount "56"]
[EventDate "2014.??.??"]
[EventType "team"]
[EventCountry "ESP"]

1. d4 d5 2. c4 dxc4 3. Nf3 Nf6 4. e3 Bg4 5. h3 Bh5 6. Nc3 e6 7. g4 Bg6 8. Ne5
Nbd7 9. Nxg6 hxg6 10. Bxc4 Nb6 11. Bf1 Bb4 12. Bg2 Nfd5 13. Bd2 Qd7 14. O-O
O-O-O 15. Ne4 Bxd2 16. Qxd2 f5 17. Nc5 Qd6 18. Qe2 e5 19. Rfc1 exd4 20. exd4 c6
21. Nd3 Kb8 22. a4 Rhe8 23. Qf3 fxg4 24. Qxg4 Nf6 25. Qxg6 Qxd4 26. Nc5 Nbd5
27. b4 Re2 28. Qg3+ Qf4 {ilegible} 1/2-1/2

[Event "Lliga Catalana eq. DH"]
[Site "?"]
[Date "2014.02.22"]
[Round "5.3"]
[White "Cruz Sanchez, C."]
[Black "Travesset Ribera, J."]
[Result "1-0"]
[WhiteElo "2593"]
[BlackElo "2320"]
[PlyCount "76"]
[EventDate "2014.??.??"]
[EventType "team"]
[EventCountry "ESP"]

1. c4 Nc6 2. Nc3 Nf6 3. Nf3 d5 4. cxd5 Nxd5 5. g3 e5 6. Bg2 Be6 7. O-O Be7 8.
d4 Nxc3 9. bxc3 exd4 10. Nxd4 Nxd4 11. cxd4 c6 12. Rb1 Qd7 13. Qa4 O-O 14. d5
Bxd5 15. Bxd5 Qxd5 16. Rxb7 Bc5 17. Rb2 Bb6 18. Rc2 Qb5 19. Qg4 h5 20. Qf3 Rac8
21. Bb2 Qg5 22. e3 Rfd8 23. Rfc1 Rd6 24. Rxc6 Rdxc6 25. Rxc6 Rd8 26. Bc3 h4 27.
Rc4 hxg3 28. hxg3 Qd5 29. Qg4 Qd1+ 30. Kg2 Qxg4 31. Rxg4 g6 32. Rh4 f5 33. Bd4
Bxd4 34. Rxd4 Rc8 35. Rd6 a5 36. Rxg6+ Kf7 37. Rd6 Rc5 38. Kf3 Rb5 1-0

[Event "Lliga Catalana eq. DH"]
[Site "?"]
[Date "2014.02.22"]
[Round "5.3"]
[White "Fernandez Aguado, E."]
[Black "Hernando Rodrigo, JA."]
[Result "1/2-1/2"]
[WhiteElo "2407"]
[BlackElo "2398"]
[PlyCount "69"]
[EventDate "2014.??.??"]
[EventType "team"]
[EventCountry "ESP"]

1. e4 e6 2. d4 d5 3. exd5 exd5 4. c4 Bb4+ 5. Nc3 Nf6 6. Nf3 O-O 7. Bd3 Bg4 8.
O-O dxc4 9. Bxc4 Nc6 10. a3 Bxf3 11. Qxf3 Qxd4 12. axb4 Qxc4 13. b5 Nd4 14.
Qxb7 Rab8 15. Qxa7 Nxb5 16. Nxb5 Rxb5 17. Be3 Rxb2 18. Rfc1 Rc2 19. Rxc2 Qxc2
20. Rc1 Rd8 21. h3 Qb3 22. Qxc7 Re8 23. Bd4 Qe6 24. Qg3 Nh5 25. Qf3 Qh6 26. Be3
Qg6 27. Rc5 Nf6 28. Qc6 h6 29. Qb5 Qe4 30. Rc6 Rd8 31. Bxh6 Rd5 32. Qb3 Qe1+
33. Kh2 Qxf2 34. Rxf6 Qxf6 35. Qxd5 1/2-1/2

[Event "Lliga Catalana eq. DH"]
[Site "?"]
[Date "2014.02.22"]
[Round "5.3"]
[White "Garcia Paolicchi, R."]
[Black "Vehi Bach, VM."]
[Result "1/2-1/2"]
[WhiteElo "2280"]
[BlackElo "2381"]
[PlyCount "59"]
[EventDate "2014.??.??"]
[EventType "team"]
[EventCountry "ESP"]

1. d4 Nf6 2. c4 e6 3. Nc3 Bb4 4. e3 O-O 5. Nge2 d5 6. a3 Be7 7. cxd5 exd5 8.
Nf4 c6 9. Bd3 a5 10. O-O Na6 11. Qc2 Re8 12. Bd2 Bd6 13. Rad1 Nc7 14. e4 dxe4
15. Nxe4 Nxe4 16. Bxe4 g6 17. Rfe1 Ne6 18. Nxe6 Bxe6 19. g3 Qb6 20. Qc3 Bb3 21.
Rc1 a4 22. Bg2 Bf8 23. Bf4 Bd5 24. Bxd5 cxd5 25. Qd2 Rac8 26. Rxe8 Rxe8 27. Be5
f6 28. Bf4 Kf7 29. Rc7+ Re7 30. Rc2 1/2-1/2

[Event "Lliga Catalana eq. DH"]
[Site "?"]
[Date "2014.02.22"]
[Round "5.3"]
[White "Granados Gomez, M."]
[Black "Barbero Sendic, A."]
[Result "1-0"]
[WhiteElo "2434"]
[BlackElo "2416"]
[PlyCount "95"]
[EventDate "2014.??.??"]
[EventType "team"]
[EventCountry "ESP"]

1. c4 e5 2. Nc3 Nc6 3. g3 g6 4. Bg2 Bg7 5. e4 d6 6. Nge2 h5 7. h3 Be6 8. d3
Nge7 9. Nd5 Qd7 10. Bg5 Ng8 11. Rc1 f6 12. Be3 Nce7 13. d4 c6 14. Nb4 a5 15.
Nd3 h4 16. d5 Bf7 17. g4 f5 18. f3 Nf6 19. O-O cxd5 20. cxd5 b5 21. Nc3 b4 22.
Na4 Nexd5 23. exd5 Nxd5 24. Bf2 Bh6 25. g5 Bg7 26. b3 O-O 27. Qd2 f4 28. Ndb2
Qe7 29. Nc4 Qxg5 30. Nxd6 Rad8 31. Ne4 Qh5 32. Qe2 Be6 33. Nac5 Bf5 34. Rfd1
Kh8 35. Rc2 Nc3 36. Nxc3 Bxc2 37. Rxd8 Rxd8 38. Qxc2 bxc3 39. Ne4 Rc8 40. Bc5
Qf5 41. Qf2 Bf8 42. Qxh4+ Kg7 43. Bxf8+ Qxf8 44. Ng5 Qg8 45. Qg4 c2 46. Qd7+
Kh6 47. Nf7+ Kg7 48. Nd8+ 1-0

[Event "Lliga Catalana eq. DH"]
[Site "?"]
[Date "2014.02.22"]
[Round "5.4"]
[White "Asis Gargatagli, H."]
[Black "Alonso Moyano, J."]
[Result "1-0"]
[WhiteElo "2514"]
[BlackElo "2454"]
[PlyCount "67"]
[EventDate "2014.??.??"]
[EventType "team"]
[EventCountry "ESP"]

1. e4 c5 2. Nf3 d6 3. d4 Nf6 4. Nc3 cxd4 5. Nxd4 a6 6. Be3 e5 7. Nb3 Be6 8. h3
Nbd7 9. g4 Rc8 10. Qd2 b5 11. O-O-O Nb6 12. g5 Nfd7 13. Kb1 Be7 14. f4 exf4 15.
Bxf4 Ne5 16. Nd5 Nbc4 17. Qg2 Bxd5 18. exd5 Qb6 19. h4 b4 20. Bxc4 Nxc4 21.
Rhe1 Rc7 22. Nd4 O-O 23. Nc6 Bd8 24. Qe4 Qb5 25. Rd4 Ne5 26. Rxb4 Qc5 27. Be3
Nxc6 28. Bxc5 dxc5 29. Ra4 Nd4 30. d6 Rd7 31. Rxa6 f5 32. Qd5+ Kh8 33. Qxc5 Nf3
34. Qxf5 1-0